Landmarks - The UK or US? - Statistics

General Stats
  • This quiz has been taken 75 times
  • The average score is 9 of 10
Answer Stats
Question Answer % Correct
The Shard United Kingdom
100%
Big Ben United Kingdom
100%
Space Needle United States
100%
Niagara Falls United States
100%
The Alamo United States
100%
Angel of the North United Kingdom
80%
Tyne Bridge United Kingdom
80%
Grand Central Terminal United States
80%
Chrysler Building United States
80%
Roald Dahl Plass United Kingdom
60%
No matching quizzes found
Score Distribution
Percent of People with Each Score
Percentile by Number Answered
Your Score History
You have not taken this quiz